000 00413nam a22001697a 4500
005 20251108172413.0
008 250721s1956 xx 000 0 eng d
082 1 4 _aF/IN
100 1 _aGRAY, william s
245 1 0 _aIN TOWN AND COUNTRY /
264 1 _achicago :
_bscott, foresman & company,
_c1956.
300 _a127p
490 0 _awheaton of exeter
650 1 7 _atown
942 _2ddc
_cBK
999 _c78419
_d78419